000 00705nam a22002417a 4500
003 OSt
005 20250611154331.0
008 220107s2014 ck ||||er|||| 00| 0 spa d
020 _a9789584239419
040 _aCO-JMCR
_cCO-JMCR
041 0 _aspa
082 0 4 _aA-N
_bMENs1
_223
100 1 _aMendoza, Mario,
_eautor
_9172
245 1 0 _aSatanás /
_cMario Mendoza
250 _aPrimera edición
260 _aBogotá :
_bPlaneta,
_c2014.
300 _a276 páginas ;
_c22 cm.
650 1 4 _aLiteratura colombiana.
_ySiglo xxi
_913941
650 2 4 _aLadrones en la literatura.
_941881
650 2 4 _aBien y mal en la literatura.
_91006
650 2 4 _aAsesinos en la literatura.
_941882
942 _2ddc
_cBK
999 _c15664
_d15664